Raimundo Lulio (Record no. 184607)

MARC details
000 -LEADER
campo de control de longitud fija 00660nam a2200205 i 4500
001 - NÚMERO DE CONTROL
campo de control 184607
003 - IDENTIFICADOR DE NÚMERO DE CONTROL
campo de control ES-MaACL
005 - FECHA Y HORA DE LA ÚLTIMA TRANSACCIÓN
campo de control 20250916063101.0
008 - DATOS DE LONGITUD FIJA--INFORMACIÓN GENERAL
campo de control de longitud fija 151027s1935 sp f |||| |bspa d
100 1# - ENTRADA PRINCIPAL--NOMBRE DE PERSONA
Nombre de persona Riber, Llorenç,
Fechas asociadas al nombre 1881-1958
9 (RLIN) 96765
245 10 - MENCIÓN DEL TÍTULO
Título Raimundo Lulio
Resto del título = (Ramón Llull) /
Mención de responsabilidad, etc. por Lorenzo Riber.
246 31 - FORMA VARIANTE DEL TITULO
Título propio/Titulo breve Ramón Llull
260 ## - PUBLICACIÓN, DISTRIBUCIÓN, ETC.
Lugar de publicación, distribución, etc. Barcelona :
Nombre del editor, distribuidor, etc. Labor,
Fecha de publicación, distribución, etc. 1935.
300 ## - DESCRIPCIÓN FÍSICA
Extensión 221 p., XI h. de lám. ;
Dimensiones 19 cm.
490 1# - MENCIÓN DE SERIE
Mención de serie Pro Ecclesia et Patria ;
Designación de volumen o secuencia 1
600 04 - PUNTO DE ACCESO ADICIONAL DE MATERIA--NOMBRE DE PERSONA
Nombre de persona Ramón Llull,
Títulos y otros términos asociados al nombre Beato,
Fechas asociadas al nombre ca. 1232-1316?
9 (RLIN) 95219
830 0# - PUNTO DE ACCESO ADICIONAL DE SERIE-TÍTULO UNIFORME
Título uniforme Pro Ecclesia et Patria ;
Designación de volumen o secuencia 1
9 (RLIN) 192192
852 ## - LOCALIZACIÓN
Ubicación ES-MaACL
Número de control de estantería C-29134
Holdings
Estatus retirado Estado de pérdida Estado de daño No para préstamo Biblioteca de origen Biblioteca actual Ubicación en estantería Fecha de adquisición Fuente de adquisición Total de préstamos Signatura topográfica completa Código de barras Visto por última vez Precio de reemplazo Tipo de ítem Koha
        Biblioteca del Ateneo de Madrid Biblioteca del Ateneo de Madrid Depósito 2 27/10/2015     C-29134 1194362 23/02/2023 23/02/2023 Libro impreso